[Event "Nova Gorica op-A 18th"]
[Site "Nova Gorica"]
[Date "2013.01.30"]
[Round "9"]
[White "Stolfa, Rodolfo"]
[Black "Rozman, Monika"]
[Result "1-0"]
[WhiteElo "1829"]
[BlackElo "1709"]
[PlyCount "79"]
[EventDate "2013.01.25"]
[EventType "swiss"]
[EventRounds "9"]
[EventCountry "SLO"]
[SourceTitle "CBM 152 Extra"]
[Source "ChessBase"]
[SourceDate "2013.02.25"]
[SourceVersion "1"]
[SourceVersionDate "2013.02.25"]
[SourceQuality "1"]

1. d4 Nf6 2. c4 g6 3. Nc3 d5 4. e3 Bg7 5. Nf3 0-0 6. Be2 dxc4 7. Bxc4 Nbd7 8. 0-0 c5 9. Ng5 cxd4 10. exd4 e5 11. Nxf7 Rxf7 12. Bxf7+ Kxf7 13. dxe5 Ne8 14. e6+ Kg8 15. Qd5 Kh8 16. exd7 Qxd7 17. Bf4 Qxd5 18. Nxd5 Bf5 19. Rfe1 Bxb2 20. Be5+ Bxe5 21. Rxe5 Nd6 22. Re7 g5 23. Rc1 Rd8 24. f3 b6 25. g4 Bg6 26. a4 Nc8 27. Re5 h6 28. Ne7 Nxe7 29. Rxe7 h5 30. Re6 Bf7 31. Re7 Bb3 32. Rxa7 hxg4 33. fxg4 Rb8 34. Rb1 Be6 35. Rb4 Rc8 36. Rxb6 Rc1+ 37. Kf2 Rc2+ 38. Ke3 Bg8 39. Rh6+ Bh7 40. Rhxh7+ 1-0

[Event "Nova Gorica op-A 18th"]
[Site "Nova Gorica"]
[Date "2013.01.29"]
[Round "7"]
[White "Stolfa, Rodolfo"]
[Black "Pridigar, Lovro"]
[Result "1-0"]
[WhiteElo "1829"]
[BlackElo "1555"]
[PlyCount "63"]
[EventDate "2013.01.25"]
[EventType "swiss"]
[EventRounds "9"]
[EventCountry "SLO"]
[SourceTitle "CBM 152 Extra"]
[Source "ChessBase"]
[SourceDate "2013.02.25"]
[SourceVersion "1"]
[SourceVersionDate "2013.02.25"]
[SourceQuality "1"]

1. d4 d6 2. c4 Nf6 3. Nc3 Nbd7 4. e4 e5 5. d5 Nc5 6. Qc2 a5 7. Nf3 Be7 8. Be2 0-0 9. 0-0 Bg4 10. Be3 Nfd7 11. Na4 Na6 12. Rfc1 Bh5 13. Qd2 Bg6 14. Bd3 Nb4 15. Bb1 h6 16. c5 Bxe4 17. Bxe4 f5 18. Bb1 f4 19. Bd4 exd4 20. Nxd4 Rf7 21. Ne6 Qc8 22. a3 Na6 23. b4 axb4 24. axb4 f3 25. c6 bxc6 26. Rxc6 fxg2 27. Bc2 Ne5 28. Rc3 Bh4 29. f4 Ng4 30. h3 Nf2 31. Kxg2 Nxb4 32. Nb6 1-0

[Event "Nova Gorica op-A 16th"]
[Site "Nova Gorica"]
[Date "2011.01.29"]
[Round "2"]
[White "Jarc, Jakob"]
[Black "Stolfa, Rodolfo"]
[Result "1/2-1/2"]
[WhiteElo "1635"]
[BlackElo "1844"]
[PlyCount "77"]
[EventDate "2011.01.28"]
[EventType "swiss"]
[EventRounds "9"]
[EventCountry "SLO"]
[SourceTitle "CBM 140 Extra"]
[Source "ChessBase"]
[SourceDate "2011.03.01"]
[SourceVersion "1"]
[SourceVersionDate "2011.03.01"]
[SourceQuality "1"]

1. d4 d5 2. c4 e6 3. Nc3 Nf6 4. Bg5 Be7 5. Nf3 Nbd7 6. e3 c6 7. Bd3 h6 8. Bf4 dxc4 9. Bxc4 Nd5 10. Nxd5 exd5 11. Bb3 Bb4+ 12. Nd2 g5 13. Bg3 Qa5 14. a3 Bxd2+ 15. Qxd2 Qxd2+ 16. Kxd2 f5 17. f4 Nf6 18. fxg5 hxg5 19. Be5 Rf8 20. Bxf6 Rxf6 21. Rhf1 Bd7 22. g3 Ke7 23. Rf3 Rh8 24. Rh1 b6 25. Bc2 c5 26. h4 gxh4 27. gxh4 Rh5 28. Rf4 Rg6 29. Rh2 Rg4 30. Bd1 cxd4 31. Bxg4 dxe3+ 32. Kxe3 fxg4 33. Kd2 Kd6 34. Rf6+ Ke5 35. Rg6 Kf4 36. Rg7 Kg3 37. Rh1 Kg2 38. Re1 Bf5 39. Re2+ 1/2-1/2

[Event "Nova Gorica op-A 16th"]
[Site "Nova Gorica"]
[Date "2011.01.29"]
[Round "3"]
[White "Stolfa, Rodolfo"]
[Black "Muhic, Sulejman"]
[Result "0-1"]
[WhiteElo "1844"]
[BlackElo "1959"]
[PlyCount "51"]
[EventDate "2011.01.28"]
[EventType "swiss"]
[EventRounds "9"]
[EventCountry "SLO"]
[SourceTitle "CBM 140 Extra"]
[Source "ChessBase"]
[SourceDate "2011.03.01"]
[SourceVersion "1"]
[SourceVersionDate "2011.03.01"]
[SourceQuality "1"]

1. d4 Nf6 2. c4 c6 3. Nf3 d5 4. cxd5 cxd5 5. e3 a6 6. Bd3 Nc6 7. Nc3 e6 8. 0-0 Bb4 9. Qc2 Bd6 10. a3 Bd7 11. e4 dxe4 12. Nxe4 Nxe4 13. Bxe4 Rc8 14. Qd3 f5 15. Bxc6 Bxc6 16. Re1 Be4 17. Rxe4 fxe4 18. Qxe4 Qe7 19. Be3 Rc6 20. b4 0-0 21. Ng5 g6 22. d5 Rcc8 23. Nxe6 Rf5 24. h3 Qd7 25. Rd1 Qa4 26. Nc5 0-1

[Event "Arco op 32nd"]
[Site "Arco"]
[Date "2010.10.23"]
[Round "8"]
[White "Galas, Franco"]
[Black "Stolfa, Rodolfo"]
[Result "0-1"]
[WhiteElo "1794"]
[BlackElo "1876"]
[PlyCount "58"]
[EventDate "2010.10.16"]
[EventType "swiss"]
[EventRounds "9"]
[EventCountry "ITA"]
[SourceTitle "EXT 2024"]
[Source "ChessBase"]
[SourceDate "2023.10.10"]
[SourceVersion "1"]
[SourceVersionDate "2023.10.10"]
[SourceQuality "1"]

1. d4 d5 2. Nf3 Nf6 3. e3 e6 4. Bd3 c5 5. c3 Nc6 6. 0-0 Be7 7. Bc2 Qc7 8. Nbd2 Bd7 9. e4 cxd4 10. cxd4 dxe4 11. Nxe4 Nb4 12. Nxf6+ gxf6 13. Bb3 0-0-0 14. Be3 Kb8 15. Qd2 Bc6 16. Rac1 Rhg8 17. g3 Qa5 18. Ne1 Qf5 19. f3 Nd5 20. Bc2 Qh3 21. Rf2 h5 22. Rg2 e5 23. dxe5 fxe5 24. Qf2 Nxe3 25. Qxe3 Bd6 26. Rd1 Bc7 27. Kh1 f5 28. Rxd8+ Rxd8 29. Rd2 Rxd2 0-1

[Event "Arco op 32nd"]
[Site "Arco"]
[Date "2010.10.16"]
[Round "1"]
[White "Stolfa, Rodolfo"]
[Black "Karl, Hans"]
[Result "0-1"]
[WhiteElo "1876"]
[BlackElo "2211"]
[PlyCount "80"]
[EventDate "2010.10.16"]
[EventType "swiss"]
[EventRounds "9"]
[EventCountry "ITA"]
[SourceTitle "CBM 138 Extra"]
[Source "ChessBase"]
[SourceDate "2010.10.29"]
[SourceVersion "1"]
[SourceVersionDate "2010.10.29"]
[SourceQuality "1"]

1. d4 Nf6 2. c4 g6 3. Nc3 Bg7 4. Nf3 d6 5. e3 0-0 6. Bd3 Nbd7 7. 0-0 e5 8. dxe5 dxe5 9. e4 c6 10. h3 Re8 11. Be3 Qc7 12. Qe2 Nf8 13. b4 Nh5 14. Rac1 Nf4 15. Qc2 Qd7 16. Bxf4 exf4 17. Rfd1 Qe7 18. a3 a5 19. c5 Be6 20. Bf1 Red8 21. Rxd8 Qxd8 22. Rd1 Qf6 23. Ne2 axb4 24. axb4 Ra2 25. Qc1 Qb2 26. Qb1 Bc4 27. Qxb2 Rxb2 28. Nxf4 Rxb4 29. Bxc4 Rxc4 30. Nd3 Rxe4 31. Rb1 Re7 32. Nc1 Ne6 33. Nb3 Rd7 34. Rc1 Bf8 35. Nfd2 Nxc5 36. Nxc5 Bxc5 37. Nc4 b6 38. Nxb6 Bxb6 39. Rxc6 Rd1+ 40. Kh2 Bxf2 0-1

[Event "Arco op 31st"]
[Site "Arco"]
[Date "2009.10.19"]
[Round "3"]
[White "Stolfa, Rodolfo"]
[Black "Savarese, Vincenzo"]
[Result "1/2-1/2"]
[WhiteElo "1886"]
[BlackElo "1810"]
[PlyCount "110"]
[EventDate "2009.10.17"]
[EventType "swiss"]
[EventRounds "9"]
[EventCountry "ITA"]
[SourceTitle "EXT 2010"]
[Source "ChessBase"]
[SourceDate "2010.11.25"]
[SourceVersion "1"]
[SourceVersionDate "2010.11.25"]
[SourceQuality "1"]

1. d4 d5 2. c4 dxc4 3. Nc3 a6 4. e4 c5 5. Nf3 Nc6 6. d5 Na5 7. Bxc4 Nxc4 8. Qa4+ b5 9. Nxb5 Bd7 10. Qxc4 Bxb5 11. Qxc5 e6 12. Qd4 exd5 13. a4 Bc4 14. b3 Bxb3 15. 0-0 dxe4 16. Qxe4+ Be6 17. Re1 Rc8 18. Bb2 Nf6 19. Qe2 Be7 20. Qxa6 0-0 21. Rad1 Qc7 22. Be5 Qc2 23. Nd4 Bc4 24. Qxc8 Rxc8 25. Nxc2 Bb3 26. Ne3 Bxd1 27. Rxd1 Ne4 28. Rb1 Nd2 29. Rb8 Rxb8 30. Bxb8 Bd8 31. Nd5 Nc4 32. Bc7 Bxc7 33. Nxc7 Kf8 34. Kf1 Ke7 35. Ke2 Kd7 36. Nb5 Nb2 37. Nc3 Kc6 38. Ke3 Kc5 39. Ke4 Kb4 40. Nb5 Nxa4 41. Nd6 Nc5+ 42. Ke3 f6 43. Ne8 Ne6 44. Ke4 Kc5 45. f4 Kc6 46. f5 Kd7 47. fxe6+ Kxe8 48. Kd4 Ke7 49. Kd5 h6 50. g3 g6 51. g4 h5 52. gxh5 gxh5 53. h4 f5 54. Ke5 f4 55. Kxf4 Kxe6 1/2-1/2

[Event "Nova Gorica op-B 14th"]
[Site "Nova Gorica"]
[Date "2009.02.07"]
[Round "9"]
[White "Stolfa, Rodolfo"]
[Black "Lucovnik, Tilen"]
[Result "1/2-1/2"]
[WhiteElo "1914"]
[BlackElo "1587"]
[PlyCount "86"]
[EventDate "2009.01.31"]
[EventType "swiss"]
[EventRounds "9"]
[EventCountry "SLO"]
[SourceTitle "EXT 2011"]
[Source "ChessBase"]
[SourceDate "2010.11.26"]
[SourceVersion "1"]
[SourceVersionDate "2010.11.26"]
[SourceQuality "1"]

1. d4 e6 2. c4 b6 3. e4 Bb7 4. Bd3 Nc6 5. d5 Nb4 6. Be2 exd5 7. exd5 Bc5 8. Nf3 Nf6 9. 0-0 0-0 10. a3 Na6 11. b4 Be7 12. Bd3 Re8 13. Bb2 d6 14. Nd4 Qd7 15. Bf5 Qd8 16. Nd2 g6 17. Bh3 Bf8 18. N2b3 Bg7 19. b5 Nc5 20. Nxc5 dxc5 21. Nb3 a6 22. a4 axb5 23. axb5 Nh5 24. Bxg7 Kxg7 25. Bg4 Nf6 26. Bf3 Qd6 27. Qc2 Rxa1 28. Rxa1 Bc8 29. h3 Bf5 30. Qb2 Be4 31. Re1 Kg8 32. Bxe4 Rxe4 33. Rxe4 Nxe4 34. Qe2 Nf6 35. Nd2 Kg7 36. Nf3 Qf4 37. g3 Qe4 38. Qxe4 Nxe4 39. Kf1 Nd6 40. Nd2 Kf6 41. Ke2 Ke5 42. Kd3 h6 43. Nf1 g5 1/2-1/2

[Event "Nova Gorica op-B 14th"]
[Site "Nova Gorica"]
[Date "2009.01.31"]
[Round "2"]
[White "Pagnutti, Lorenzo"]
[Black "Stolfa, Rodolfo"]
[Result "1-0"]
[WhiteElo "2064"]
[BlackElo "1914"]
[PlyCount "65"]
[EventDate "2009.01.31"]
[EventType "swiss"]
[EventRounds "9"]
[EventCountry "SLO"]
[SourceTitle "EXT 2011"]
[Source "ChessBase"]
[SourceDate "2010.11.26"]
[SourceVersion "1"]
[SourceVersionDate "2010.11.26"]
[SourceQuality "1"]

1. e4 e5 2. Nf3 Nc6 3. Bc4 Bc5 4. c3 Nf6 5. d3 d6 6. Nbd2 Bg4 7. Nf1 d5 8. exd5 Nxd5 9. Ng3 0-0 10. 0-0 Na5 11. Bxd5 Qxd5 12. b4 Bxb4 13. cxb4 Nc6 14. h3 Bxf3 15. Qxf3 Qxf3 16. gxf3 Rfd8 17. b5 Nd4 18. Kg2 Nxb5 19. Rb1 Nd6 20. f4 exf4 21. Bxf4 b6 22. Rbc1 Rac8 23. Rfe1 Kf8 24. a4 c6 25. Be3 Nb7 26. d4 Na5 27. Rc3 Rd5 28. Rec1 Ke7 29. Ne2 g5 30. Bd2 Kd7 31. Rf3 Ke6 32. Re1 Rf5 33. Ng3+ 1-0

[Event "Arco op 30th"]
[Site "Arco"]
[Date "2008.10.21"]
[Round "4"]
[White "Zucchelli, Massimo"]
[Black "Stolfa, Rodolfo"]
[Result "1-0"]
[WhiteElo "2145"]
[BlackElo "1912"]
[PlyCount "149"]
[EventDate "2008.10.18"]
[EventType "swiss"]
[EventRounds "9"]
[EventCountry "ITA"]
[SourceTitle "CBM 127 Extra"]
[Source "ChessBase"]
[SourceDate "2009.01.08"]
[SourceVersion "2"]
[SourceVersionDate "2009.01.28"]
[SourceQuality "1"]

1. d4 d5 2. c4 e6 3. Nc3 Nf6 4. cxd5 exd5 5. Bg5 c6 6. e3 Bb4 7. Bd3 h6 8. Bh4 Be6 9. Nge2 Nbd7 10. 0-0 0-0 11. f3 Be7 12. Qc2 Ne8 13. Bf2 Bd6 14. e4 Nb6 15. e5 Be7 16. f4 f5 17. Na4 Nxa4 18. Qxa4 Qb6 19. Qc2 g6 20. Nc3 Ng7 21. Na4 Qd8 22. Be3 Rf7 23. Kh1 Qf8 24. a3 Bc8 25. b4 Ne6 26. Nc5 Bxc5 27. bxc5 Ng7 28. a4 Ne6 29. Rab1 Qd8 30. Qc3 Qc7 31. a5 Rb8 32. Rf2 Ra8 33. h3 Qe7 34. Kh2 Ng7 35. Rfb2 Qh4 36. g3 Qe7 37. Qd2 Ne6 38. Qf2 Qd8 39. Qe1 Qe7 40. Rg2 h5 41. Kg1 Kf8 42. Qf2 Ng7 43. Be2 Ke8 44. Rf1 Be6 45. Qe1 Kd7 46. Qb4 Ke8 47. Bd3 Rd8 48. Qb1 Qc7 49. Qe1 Kd7 50. Bd2 Kc8 51. a6 b5 52. Ba5 Qe7 53. Bxd8 Kxd8 54. g4 Kc7 55. gxh5 gxh5 56. Kh2 Bc8 57. Rfg1 Ne6 58. Qf2 Bxa6 59. Ra1 Kb7 60. Qa2 Nc7 61. Rg5 Qe6 62. Qb1 Qh6 63. h4 Ka8 64. Bxf5 Qf8 65. Qg1 Bc8 66. Rg8 Bxf5 67. Rxf8+ Rxf8 68. Qg7 Rc8 69. Qf6 Bd7 70. Qd6 Be8 71. e6 Kb7 72. f5 a6 73. f6 Bg6 74. f7 Nxe6 75. Qxe6 1-0

[Event "Nova Gorica op-B 13th"]
[Site "Nova Gorica"]
[Date "2008.01.29"]
[Round "6"]
[White "Menon, Carlo"]
[Black "Stolfa, Rodolfo"]
[Result "1-0"]
[WhiteElo "1500"]
[BlackElo "1914"]
[PlyCount "83"]
[EventDate "2008.01.26"]
[EventType "swiss"]
[EventRounds "9"]
[EventCountry "SLO"]
[SourceTitle "EXT 2010"]
[Source "ChessBase"]
[SourceDate "2010.11.25"]
[SourceVersion "1"]
[SourceVersionDate "2010.11.25"]
[SourceQuality "1"]

1. e4 e5 2. f4 exf4 3. Nf3 Ne7 4. Bc4 d5 5. exd5 Nxd5 6. 0-0 Bg4 7. Qe1+ Be7 8. Qe5 Be6 9. Bxd5 Bf6 10. Qe4 Qxd5 11. Qxf4 Na6 12. c3 0-0-0 13. d4 c5 14. Be3 Be7 15. Na3 c4 16. Nc2 h6 17. Bf2 g5 18. Qe5 Qd7 19. Rfe1 Bd6 20. Qf6 Be7 21. Qe5 Nc7 22. d5 Nxd5 23. Rad1 Bd6 24. Qd4 Nb6 25. Qe4 Qc7 26. Ncd4 Bd7 27. Nf5 Bc5 28. N3d4 Rde8 29. Qf3 h5 30. Rxe8+ Bxe8 31. Bg3 Qd7 32. Kh1 Qd5 33. Qf1 h4 34. Nb3 Qc6 35. Nxc5 Qxc5 36. Nd6+ Kb8 37. Ne4+ hxg3 38. Nxc5 Rxh2+ 39. Kg1 Bc6 40. Rd2 Nd5 41. Qxf7 Nc7 42. Qf8+ 1-0

[Event "Nova Gorica op-B 13th"]
[Site "Nova Gorica"]
[Date "2008.01.28"]
[Round "5"]
[White "Stolfa, Rodolfo"]
[Black "Urbanc, Vinko"]
[Result "1/2-1/2"]
[WhiteElo "1914"]
[BlackElo "1686"]
[PlyCount "113"]
[EventDate "2008.01.26"]
[EventType "swiss"]
[EventRounds "9"]
[EventCountry "SLO"]
[SourceTitle "EXT 2010"]
[Source "ChessBase"]
[SourceDate "2010.11.25"]
[SourceVersion "1"]
[SourceVersionDate "2010.11.25"]
[SourceQuality "1"]

1. d4 Nf6 2. c4 g6 3. Nc3 Bg7 4. Nf3 0-0 5. e4 d6 6. Be2 e5 7. dxe5 dxe5 8. Qxd8 Rxd8 9. Bg5 Re8 10. 0-0-0 c6 11. Rd6 Nbd7 12. h3 h6 13. Be3 Bf8 14. Rdd1 Nc5 15. Nd2 b6 16. f3 Nh5 17. Bf2 Nf4 18. Bxc5 Bxc5 19. Bf1 Ba6 20. Kc2 Rad8 21. a3 Ne6 22. b4 Bd4 23. Nb3 Bxc3 24. Rxd8 Rxd8 25. Kxc3 Rd1 26. Kc2 Rd8 27. b5 Bb7 28. a4 Kf8 29. Kc3 Ke7 30. g3 cxb5 31. axb5 a6 32. bxa6 Bxa6 33. Be2 Nc5 34. Nxc5 bxc5 35. Rg1 Ra8 36. Rd1 Bb7 37. Rb1 Bc6 38. Kb2 f5 39. Bd3 Kf6 40. Kc3 Ra6 41. Bc2 Ke6 42. Rb8 Ra3+ 43. Rb3 Rxb3+ 44. Kxb3 f4 45. g4 Kf6 46. h4 Bd7 47. Bd1 Ke7 48. Ka3 Be6 49. Be2 Kd6 50. Ka4 Kc6 51. Ka5 Bf7 52. Ka6 Be6 53. Ka5 Bf7 54. Ka4 Be8 55. Ka5 Bf7 56. Ka6 Be6 57. Ka5 1/2-1/2

[Event "Nova Gorica op-B 13th"]
[Site "Nova Gorica"]
[Date "2008.01.27"]
[Round "4"]
[White "Tomazini, Zan"]
[Black "Stolfa, Rodolfo"]
[Result "1-0"]
[WhiteElo "2021"]
[BlackElo "1914"]
[PlyCount "43"]
[EventDate "2008.01.26"]
[EventType "swiss"]
[EventRounds "9"]
[EventCountry "SLO"]
[SourceTitle "EXT 2010"]
[Source "ChessBase"]
[SourceDate "2010.11.25"]
[SourceVersion "1"]
[SourceVersionDate "2010.11.25"]
[SourceQuality "1"]

1. e4 e6 2. d4 g6 3. Nc3 Bg7 4. Be3 Ne7 5. Qd2 h6 6. 0-0-0 d6 7. f4 Nd7 8. g4 b6 9. h4 Bb7 10. h5 f5 11. d5 Nf6 12. Bb5+ Kf8 13. gxf5 exf5 14. Nf3 fxe4 15. Nd4 Bc8 16. hxg6 Nexd5 17. Nc6 Qe8 18. Nxd5 Nxd5 19. Qxd5 Bd7 20. Nd4 c6 21. Qxd6+ Kg8 22. Bc4+ 1-0